00299nam a22000977a 4500008004100000082001400041100002400055245009300079260002100172300000800193230609b xxu||||| |||| 00| 0 eng d a332.67KNA cGovernment of Kenya aTwelfth Report of the Public Investments Committee on the Accounts of State Corporations aKenyabGOKc2006 a75p